| 000 | 01046nam a2200265 a 4500 | ||
|---|---|---|---|
| 005 | 20200104041547.0 | ||
| 008 | 040427s2004 qucab b 000 0 eng | ||
| 020 | _a9280424045 | ||
| 040 |
_aUk _cUk _dCO-BoIAVH |
||
| 041 | 0 | _aeng | |
| 044 | _acn | ||
| 082 | 0 | 4 |
_a333.9516 _bP96a |
| 245 | 0 | 0 |
_aProtected areas and biodiversity : _ban overview of key issues / _ceditado por Kalemani Jo Mulongoy and Stuart Chape. |
| 260 |
_aMontreal (Canadá) : _bConvention on Biological Diversity ; _aCambridge : _bUNEP World Conservation Monitoring Centre, _c2004. |
||
| 300 |
_a52 páginas : _bilustraciones a color y mapas ; _c30 x 21 cm. |
||
| 504 | _aIncluye referencias bibliográficas. | ||
| 650 | 2 | 6 | _aConservación de la diversidad biológica |
| 650 | 2 | 6 | _aÁreas protegidas |
| 650 | 2 | 6 | _aBiodiversidad |
| 650 | 2 | 6 | _aDesarrollo sostenible |
| 700 | 1 |
_aMulongoy, Kalemani Jo _eeditor |
|
| 700 | 1 |
_aChape, Stuart _eeditor |
|
| 710 | 2 | _aUNEP World Conservation Monitoring Centre. | |
| 942 |
_2ddc _cLIBRO |
||
| 999 |
_c4115 _d4115 |
||